| 000 | 00960cam a2200265 4500 | ||
|---|---|---|---|
| 001 | ABS67800 | ||
| 008 | 040514n2004 000 0 eng u | ||
| 035 | _a(Sirsi) u126207 | ||
| 100 | _aBarnard, L. | ||
| 245 | _aVision: top workplaces | ||
| 260 | _c2004 | ||
| 490 |
_aEstates Gazette _v(0419) 8 May 2004, 152-155(4) |
||
| 520 | _aLists the property companies which appeared in the "Sunday Times" top 100 best employers . Looks at how companies attract and retain their staff highlighting culture, leadership, rewards, flexibility in working practices and communication as important management qualities. Gives examples under each heading. | ||
| 590 | _aABS | ||
| 590 | _aABS | ||
| 650 | _aPROPERTY COMPANIES | ||
| 650 | _aFLEXIBLE WORKING PRACTICES | ||
| 650 | _aCULTURE | ||
| 650 | _aLEADERSHIP | ||
| 650 | _aREWARDS | ||
| 650 | _aCOMMUNICATION | ||
| 650 | _aWORK/LIFE BALANCE | ||
| 690 |
_aBusiness and management _96226 |
||
| 942 | _n0 | ||
| 999 |
_c117356 _d117356 |
||